Municipalities of Flemish-Brabant on a Map - Statistics

General Stats
  • This quiz has been taken 283 times
  • The average score is 32 of 65
Answers on the Map
Answers color-coded by a green-red scale on the quiz's map according to % correct below.
 
Answer Stats
Answer % Correct
Leuven
97%
Halle
79%
Vilvoorde
78%
Tienen
75%
Zaventem
74%
Aarschot
71%
Diest
68%
Overijse
65%
Grimbergen
60%
Tervuren
60%
Dilbeek
59%
Oud-Heverlee
58%
Asse
57%
Bierbeek
56%
Machelen
56%
Landen
55%
Kraainem
54%
Zemst
54%
Hoegaarden
53%
Lubbeek
52%
Sint-Genesius-Rode
52%
Wezembeek-Oppem
51%
Affligem
50%
Herent
50%
Hoeilaart
50%
Linkebeek
50%
Meise
50%
Ternat
50%
Haacht
48%
Lennik
48%
Opwijk
48%
Gooik
47%
Kortenberg
47%
Scherpenheuvel-Zichem
47%
Sint-Pieters-Leeuw
47%
Steenokkerzeel
47%
Beersel
45%
Liedekerke
45%
Rotselaar
45%
Drogenbos
44%
Keerbergen
44%
Holsbeek
43%
Kampenhout
43%
Tielt-Winge
43%
Wemmel
43%
Bertem
42%
Bever
42%
Boortmeerbeek
42%
Londerzeel
42%
Tremelo
42%
Merchtem
41%
Galmaarden
40%
Huldenberg
40%
Bekkevoort
39%
Boutersem
39%
Herne
39%
Zoutleeuw
39%
Glabbeek
38%
Kapelle-op-den-Bos
38%
Kortenaken
38%
Roosdaal
38%
Geetbets
37%
Pepinge
37%
Linter
35%
Begijnendijk
34%
No matching quizzes found
Score Distribution
Percent of People with Each Score
Percentile by Number Answered
Your Score History
You have not taken this quiz